Straßenbahnlinie 31 (Wien) - Statistiken

Allgemein
  • Dieses Quiz wurde 18 mal gespielt
  • Das Durchschnittsergebnis liegt bei 19 aus 25
Antwortstatistiken
Station % Korrekt
Schottenring
100%
Floridsdorf
92%
Brünner Straße
83%
Floridsdorfer Brücke
83%
Floridsdorfer Markt
83%
Friedrich-Engels-Platz
83%
Jägerstraße
83%
Obere Donaustraße
83%
Stammersdorf
83%
Gaußplatz
75%
Gerhardusgasse
75%
Höchstädtplatz
75%
Hubertusdamm
75%
Klosterneuburger Straße, Wallensteinstraße
75%
Obere Augartenstraße
75%
Shuttleworthstraße
75%
Wexstraße
75%
Anton-Schall-Gasse
67%
Bahnsteggasse
67%
Brünner Straße, Hanreitergasse
67%
Carabelligasse
67%
Großjedlersdorf
67%
Matthäus-Jiszda-Straße
67%
Van-Swieten-Kaserne
67%
Empergergasse
58%
Keine übereinstimmenden Quizze gefunden
Verteilung der Resultate
Anzahl Personen mit jedem Resultat
Perzentil nach korrekt beantworteten Fragen
Ihre Resultats-Entwicklung
Sie haben dieses Quiz noch nicht gespielt